000 00470 a2200157 4500
999 _c29651
_d29651
003 NUST
005 20180118124858.0
008 180118b xxu||||| |||| 00| 0 eng d
020 _a1860944647
020 _a9781860944642
082 _a523.2
100 1 _aCole, George H. A.
_98759
245 1 0 _aWandering stars :
_babout planets and exo-planets, an introductory notebook /
_cGeorge H. A. Cole.
260 _a[S.l.] :
_bImperial College Press,
_c2006.
300 _a504 p. ;
_c25 cm.
700 _aCole, George H. A.
_98759
942 _aSNS
_cBK
_k523.2 COL
_2ddc